Online Catalogue and eLibrary

Gini avi saha gini keli2-3 (Record no. 5558)

MARC details
000 -LEADER
fixed length control field 00398nam a2200157Ia 4500
005 - DATE AND TIME OF LATEST TRANSACTION
control field 20250310021410.0
008 - FIXED-LENGTH DATA ELEMENTS--GENERAL INFORMATION
fixed length control field 240331s9999 xx 000 0 und d
020 ## - INTERNATIONAL STANDARD BOOK NUMBER
ISBN 9559564609
082 ## - DDC Classification
Item Number - Author Mark HOR
Class No. 323
100 ## - MAIN ENTRY--PERSONAL NAME
Personal name Horeshash,A
245 #0 - TITLE STATEMENT
Title Gini avi saha gini keli2-3
260 ## - PUBLICATION, DISTRIBUTION, ETC.
Place of publication, distribution, etc. Colombo
Name of publisher, distributor, etc. Godake & sons
Date of publication, distribution, etc. 1994
300 ## - PHYSICAL DESCRIPTION
Extent (e.g. Volumes, Pages etc.) 111 p .,
500 ## - GENERAL NOTE
General note Story based on political conflicts.
942 ## - Koha item type (Biblio)
Koha item type Books in Stacks (Lending)
Holdings
Lost status Damaged status Collection code Home library Current library Shelving location Date acquired Full call number Accession Number Item type
    Lending WERC Library WERC Library Social Science Cupboard 03/31/2024 323.4 HOR 3836 Books in Stacks (Lending)

© WERC Library